| 000 | 00000nas##2200000za#4500 |
| 001 | 9.509228 |
| 003 | CaOODSP |
| 005 | 20210615082511 |
| 007 | ta |
| 008 | 150406c1989||||xxc|| m #||||f| |0eng|d |
| 022 | |a0317-2376 |
| 040 | |aCaOODSP|beng |
| 041 | |aeng |
| 041 | |afre |
| 043 | |an-cn--- |
| 086 | 1 |aFR4 |
| 110 | 1 |aCanada.|bForeign Affairs, Trade and Development Canada. |
| 245 | 10|aTreaty series |
| 260 | |aOttawa - Ontario : |bForeign Affairs, Trade and Development Canada |c[1993]--. |
| 310 | |aIrregular |
| 520 | 3 |aContains treaties signed with foreign countries from 1928 to the present. Treaties in this series are published only after they are ratified. |
| 563 | |aSoftcover |
| 776 | 0#|tTreaty series |w(CaOODSP)9.500662 |
| 776 | 0#|tTreaty series |w(CaOODSP)9.811738 |
| 792 | |tRecueil des traités |efre|w(CaOODSP)9.509229 |